01346 a2200265 4500003000500000005001700005010001600022020001500038040000900053082001400062100002700076245009200103260003100195300003400226440004900260505032400309650005500633700002900688700003400717856008800751856007400839942002300913999001900936952012500955Nust20230127115744.0 a 89005728 a0471863890 cNust00a803.6,SEB1 aSeborg, Dale E.98622710aProcess dynamics and control / cDale E. Seborg, Thomas F. Edgar, Duncan A. Mellichamp. aNew York :bWiley,cc1989. axvi, 717 p. :bill. ;c26 cm. 0aWiley series in chemical engineering9107869 aPart.1: Introductory Concepts (Page-3), Part.2: Transient Behavior of Processes (Page-43), Part.3: Feedback Control (Page-183), Part.4: Frequency Response Methods (Page-313), Part.5: Advanced Control Techniques (Page-387), Part.6: Digital Control Techniques (Page-501), Part.7: Process Control Strategies (Page-673).  0aChemical process controlxData processing.91078701 aEdgar, Thomas F.91078711 aMellichamp, Duncan A.9107872423Publisher descriptionuhttp://www.loc.gov/catdir/description/wiley031/89005728.html423Table of Contentsuhttp://www.loc.gov/catdir/toc/onix01/89005728.html 2ddccBKk803.6,SEB c186001d186001 00102ddc4070aMCSbMCScGENd2016-12-12o803.6,SEBpMCS21612r2016-12-08w2016-12-12yBKzAlmirah No. 56, Shelf No. 1